Les prénoms qui ont un sens initiale N - Statistiques

Statistiques générales
  • Ce quiz a été pris 68 fois
  • Le résultat moyen est 7 sur 20
Statistiques - réponses
Sens Sexe Prénom Célébrité ou Personnage % Correct
Vainqueur des pêches M Nicolas Sarkozy
93%
Celui dont le travail est fructueux M Neil Armstrong
82%
Consolation M Noé Debré
80%
Gracieuse F Noémie Lenoir
67%
Brillant venu du nord M Norbert Tarayre
61%
Jour de naissance F Nathalie Simon
54%
Qui rentre sous de bons auspices M Nestor Burma
54%
Généreuse F Nadia Farès
31%
Porteur de la victoire M Nicéphore Niepce
30%
Qui bouge M Noah Baumbach
28%
Don F Nawel Madani
25%
Renommé M Nolan Baumgartner
20%
Espérance F Nadège Labbey
16%
Normand M Norman Hinshelwood
16%
Lumière F/M Nour Azzam
16%
Défenseur M Nasser Bouiche
10%
Loi M Numa Fustel de Coulanges
5%
Torpeur M Narcisse de Jérusalem
2%
Exceptionnel M Nader Matar
0%
Fort comme un lion M Nardo Marino
0%
Aucun quiz correspondant
Distribution des résultats
% des personnes avec chaque résultat
Percentile par nombre de réponses
Votre historique - résultats
Vous n’avez pas pris ce quiz